Every Drake Song with a City - Statistics

General Stats
  • This quiz has been taken 117 times
  • The average score is 7 of 11
Answer Stats
Album Answer % Correct
Care Package 5AM in {Toronto}
86%
For All the Dogs 8AM in {Charlotte}
85%
Dark Lane Demo Tapes {Chicago} Freestyle
85%
If You're Reading This It's Too Late 6PM in {New York}
82%
Care Package {Paris} Morton Music
74%
Nothing Was the Same Pound Cake/{Paris} Morton Music 2
74%
Thank Me Later 9AM in {Dallas}
57%
So Far Gone Houstatlantavegas
55%
Care Package 4PM in {Calabasas}
48%
For All the Dogs Virginia Beach
36%
More Life Portland
33%
No matching quizzes found
Score Distribution
Percent of People with Each Score
Percentile by Number Answered
Your Score History
You have not taken this quiz